000 00450ntaaa2200181 4500
003 01
005 20251027201827.0
008 0714s1973 ag 01
040 _aAR-BaBN
_bspa
_cAR-BaBN
_eaacr
_dRIC
082 _a244.0000 M56
100 _aMetcalf, Vicky
_916745
245 _aLa herencia inesperada
250 _a1 ed.
260 _aToronto :
_bMisión cristiana española,
_cs.f.
300 _a131 p
650 _anovela evangélica
942 _cBK
999 _c12953
_d12953